Logo BPK

Biblioteka

Politechniki Koszalińskiej

Numerical methods for engineers / (Rekord nr 54439)

Szczegóły MARC
000 -ETYKIETA REKORDU
podpole kontrolne o stałej długości 00731nam a2200229 i 4500
001 - NUMER KONTROLNY REKORDU
pole kontrolne bg
020 ## - MIĘDZYNARODOWY ZNORMALIZOWANY NUMER KSIĄŻKI - ISBN
ISBN 0071244298
040 ## - ŹRÓDŁO KATALOGOWANIA
Instytucja, która utworzyła rekord BPK
041 0# - KOD JĘZYKA
Kod języka tekstu eng
044 ## - KOD KRAJU WYDAWCY/PRODUCENTA
Kod kraju wydawcy/producenta USA
080 ## - UNIWERSALNA KLASYFIKACJA DZIESIĘTNA - UKD
UKD 519.61/64
008 - POLE O STAŁEJ DŁUGOŚCI - DANE KONTROLNE
podpole kontrolne o stałej długości s pl f |000 0 pol
100 1# - NAZWA OSOBOWA
Nazwa osobowa Chapra, Steven C.
245 00 - TYTUŁ/ODPOWIEDZIALNOŚĆ
Tytuł Numerical methods for engineers /
Pozostałe elementy strefy tytułu i oznaczenia odpowiedzialności Steven C. Chapra, Raymond P. Canale.
250 ## - STREFA WYDANIA
Oznaczenie wydania 5th ed.
260 ## - STREFA ADRESU WYDAWNICZEGO
Miejsce wydania Boston [etc.] :
Nazwa wydawcy/dystrybutora McGraw-Hill ;
Data publikacji, dystrybucji/powstania dokumentu 2006.
300 ## - STREFA OPISU FIZYCZNEGO
Objętość XVIII s., 926 s. :
Inne cechy fizyczne rys., wykr. ;
Rozmiary 24 cm.
650 #9 - HASŁO PRZEDMIOTOWE W FORMIE NAZWY OGÓLNEJ LUB JEDNOSTKOWEJ
Nazwa ogólna lub geograficzna Analiza numeryczna
Określnik ogólny stosowanie
700 1# - HASŁO DODATKOWE - NAZWA OSOBOWA
Nazwa osobowa Canale, Raymond P.
856 ## - LOKALIZACJA I DOSTĘP DO ELEKTRONICZNYCH DOKUMENTÓW ZDALNYCH
Link (URL) http://koha.tu.koszalin.pl/cgi-bin/koha/opac-detail.pl?biblionumber=54439
Tekst linku Katalog online BPK
942 ## - DODATKOWE ELEMENTY (KOHA)
Typ dokumentu Książka
Egzemplarze
Wycofany Status egzemplarza Uszkodzony Dostępność Lokalizacja stała Lokalizacja bieżąca Miejsce przechowywania Sygnatura Kod kreskowy Typ dokumentu
      Dostępny Biblioteka Politechniki Koszalińskiej Biblioteka Politechniki Koszalińskiej Wypożyczalnia BG 85828 02406879 Książka
© 2023 Biblioteka Politechniki Koszalińskiej :: KOHA